| 000 | 01140nam a22002537a 4500 | ||
|---|---|---|---|
| 003 | OSt | ||
| 005 | 20180327155451.0 | ||
| 008 | 170817s2018 ua g b 000 0 ara d | ||
| 020 | _a9789776567641 | ||
| 040 |
_aMa-Un _bara _cDar Arab |
||
| 082 | 0 | 4 |
_221 _a342.567066 _bز م ن |
| 100 | 1 |
_aالزبيدي، محمود عبد علي حميد _960803 |
|
| 245 | 1 | 2 |
_aالنظام القانوني لإنقضاء الدعوي الأدارية من دون الحكم بالموضوع : _bدراسة مقارنة / _cمحمود عبد علي حميد الزبيدي. |
| 250 | _aط. 1. | ||
| 260 |
_aالقاهرة : _bالمركز العربي للدراسات والبحوث العلمية، _c2018. |
||
| 300 |
_a586 ص. ؛ _c24 سم. |
||
| 504 | _aيشتمل علي إرجاعات ببليوجرافية. | ||
| 504 | _aببليوجرافية : ص. 539-572. | ||
| 650 | 4 |
_aالقرارات الإدارية _xقوانين وتشريعات _zالعراق _954048 |
|
| 650 | 4 |
_aالقانون الإداري _zالعراق _960804 |
|
| 942 | _cBOOK | ||
| 949 |
_aALGU _d15/05/2009 _iDA8707-8 _n1 _usystem. |
||
| 949 |
_aARUC _n1 _d2011/9/11 _utraining |
||
| 999 |
_c41378 _d310998 |
||